01737cam a22005174i 4500003000900000005001700009008004100026020001800067020001500085035002000100040003300120082001700153100002700170245006400197250001700261264004800278300003800326336002100364337002500385338002300410504003400433505052800467526001000995526001001005526001001015526001001025526001001035526000901045526000901054526000901063526000901072526000901081526000901090526000901099526000901108526000901117526000901126526000801135526000801143526000801151526000801159526000801167526000801175650001301183650002301196PE-LiUPU20250731170425.0181220s2018 miu r 001 0 eng d a9780310536420 a0310536421 a(Sirsi) a251113 aPE-LiUPUbspacPE-LiUPUerda04a170bR152231 aRae, Scott B.,eautor.10aMoral choices :ban introduction to ethics /cScott B. Rae. a4th edition. 1aGrand Rapids, Michigan :bZondervan,c2018. a522 páginas ;c24 centímetros atext2rdacontent aunmediated2rdamedia avolume2rdacarrier aÍndice : páginas 511-522.0 aIntroduction : why morality matters -- How to think about morality -- Christian ethics -- Making ethical decisions -- Ethics at the beginning of life, part 1 -- Ethics at the beginning of life, part 2 -- Biotechnology, genetics, and human cloning -- Ethical issues at the end of life -- Capital punishment -- War, violence, and morality -- Sexual ethics -- Creation care and environmental ethics -- Ethics and economics -- Violence and gun control -- Race, gender, and divesity -- Immigration, refugees, and border control. aSEG68 aSEG70 aSEG69 aSEG67 aSEG43 aP144 aP143 aP131 aP122 aP120 aP117 aP112 aP110 aP106 aP101 aP80 aP59 aP54 aP35 aP33 aP3004aÉtica.04aÉtica cristiana.